| 000 | 00329nam a2200133Ia 4500 | ||
|---|---|---|---|
| 005 | 20260328101529.0 | ||
| 008 | 260328s9999||||xx |||||||||||||| ||und|| | ||
| 100 | _aMartin, Leslie | ||
| 245 | 0 |
_aLa Estructura del Espacio Urbano / _cLeslie Martin |
|
| 260 | _bGustavo Gili | ||
| 300 | _a377 p. | ||
| 650 | _aURBANISMO | ||
| 942 | _cBK | ||
| 999 |
_c9905 _d9905 |
||